000 00474nam a2200181Ia 4500
005 20250508150501.0
008 008 250505s9999 xx 000 0 eng d
037 _aBooks to be hide in OPAC
040 _aFEDL
_beng
_cFEDL
041 _aeng
_2eng
084 _a511.07, TEA/O
_qFEDL
245 0 _aTeaching of arithmetic in schools
260 _c1948
300 _a82p.
365 _aINR
_b2.25
942 _cHB
_h511.07, TEA/O
999 _c1323852
_d1323852